000 01252nam a2200337 i 4500
001 29141
003 Mx-PuUPA
005 20260206135800.0
008 140415s2026 pauad fr 000 0 eng d
020 _a9780443111013
020 _a9780443281099
040 _cMx-PuUPA
_aMx-PuUPA
_bspa
_dMx-PuUPA
_erda
041 0 _aeng
100 1 _aHall, John E.,
_q(John Edward),
_d1946-
_eautor
_9634
245 1 0 _aGuyton and Hall :
_btextbook of medical physiology /
_cJohn E. Hall, Michael E. Hall
250 _a15th edition
264 1 _aPhiladelphia, PA :
_bElsevier,
_c2026
300 _axix, 1162 páginas :
_bilustraciones, gráficas, diagramas (en color) ;
_c29 cm
336 _2rdacontent
_atexto
_btxt
336 _2rdacontent
_aimagen fija
_bsti
337 _2rdamedia
_asin medio
_bn
338 _2rdacarrier
_avolumen
_bnc
650 7 _2armarc
_aFisiología humana
650 7 _2armarc
_aFisiolopatología
700 1 _aHall, Michael E.,
_eautor
942 _2ddc
_cLI
_h612
_iG86
999 _c29141
_d29141